• 首页
  • 本馆介绍
  • 公告通知
  • 最新文献
  • 馆藏检索
  • 电子资源
  • 读者导购
  • 参考咨询
  • 我的图书馆
  • 登录
  • 详细信息显示
  • 放入我的书架
  • 预约/预借图书
  • 作者相关作品
  • 分类相关作品
  • 丛书相关作品
  • 出版社相关作品

书目信息

  • 表格格式
  • 工作单格式
  • 卡片格式
题名:
任汝芬教授考研政治
    
 
作者: 任汝芬 主编
分册:  
出版信息: 西安   西安交通大学出版社  2005
页数: 400页
开本: 26cm
丛书名: 2006年序列
单 册:
中图分类: D0
科图分类:
主题词: 政治理论
电子资源:
ISBN: 7-5605-2052-9
000 00638nam0 2200217 450
001 0638007499
005 20070727120703.29
010    @a7-5605-2052-9@dCNY41.50
100    @a20060928d2005 km y0chiy0120 ea
101 0  @achi
102    @aCN@b610000
200 1  @a任汝芬教授考研政治@Aren ru fen jiao shou kao yan zheng zhi@f任汝芬主编@Fren ru fen zhu bian
210    @a西安@c西安交通大学出版社@d2005
215    @a400页@d26cm
225 2  @a2006年序列@h之一@i要点精编
410  0 @12001 @a2006年序列
606 0  @a政治理论
690    @aD0@v3
701  0 @a任汝芬@Aren ru fen@4主编
801  0 @aCN@bPFT@c20070727
905    @a10447@dD0@e135(2006)
    
    任汝芬教授考研政治/任汝芬主编.-西安:西安交通大学出版社,2005
    400页;26cm.-(2006年序列.之一.要点精编)
    
    
    ISBN 7-5605-2052-9:CNY41.50
    
●
相关链接 在E读中查询图书 在五车中查询图书 在当当中查询图书 在豆瓣中查询图书


正题名:任汝芬教授考研政治     索取号:D0/135(2006)         预约/预借

序号 登录号 条形码 馆藏地/架位号 状态 备注
1 0492862   204928622   密集书库/ [索取号:D0/135(2006)] 在馆    
2 0492863   204928631   密集书库/ [索取号:D0/135(2006)] 在馆    
3 0492864   204928640   密集书库/ [索取号:D0/135(2006)] 在馆    
4 0492865   204928659   密集书库/ [索取号:D0/135(2006)] 在馆    
5 0492866   204928668   密集书库/ [索取号:D0/135(2006)] 在馆    
6 0492867   204928677   密集书库/ [索取号:D0/135(2006)] 在馆    
7 0492868   204928686   密集书库/ [索取号:D0/135(2006)] 在馆    
8 0492869   204928695   密集书库/ [索取号:D0/135(2006)] 在馆    
9 0492870   204928702   密集书库/ [索取号:D0/135(2006)] 在馆    
10 0492871   204928711   密集书库/ [索取号:D0/135(2006)] 在馆    
11 0492872   204928720   密集书库/ [索取号:D0/135(2006)] 在馆    
12 0492873   204928739   密集书库/ [索取号:D0/135(2006)] 在馆    
13 0492874   204928748   密集书库/ [索取号:D0/135(2006)] 在馆    
14 0492875   204928757   密集书库/ [索取号:D0/135(2006)] 在馆    
15 0492876   204928766   密集书库/ [索取号:D0/135(2006)] 在馆    
16 0492877   204928775   密集书库/ [索取号:D0/135(2006)] 在馆    
17 0492878   204928784   密集书库/ [索取号:D0/135(2006)] 在馆    
18 0501770   205017701   密集书库/ [索取号:D0/135(2006)] 在馆    
19 0501771   205017710   密集书库/ [索取号:D0/135(2006)] 在馆    
20 0501772   205017729   密集书库/ [索取号:D0/135(2006)] 在馆    
21 0775144   207751440   密集书库/ [索取号:D0/135(2006)] 在馆    
22 0775155   207751556   密集书库/ [索取号:D0/135(2006)] 在馆    
23 0775217   207752172   密集书库/ [索取号:D0/135(2006)] 在馆    
24 0775621   207756212   密集书库/ [索取号:D0/135(2006)] 在馆    
25 0775622   207756221   密集书库/ [索取号:D0/135(2006)] 在馆    
26 0775623   207756230   密集书库/ [索取号:D0/135(2006)] 在馆    
27 0775658   207756588   密集书库/ [索取号:D0/135(2006)] 在馆    
28 0775683   207756837   密集书库/ [索取号:D0/135(2006)] 在馆    
29 0777511   207775111   密集书库/ [索取号:D0/135(2006)] 在馆    
30 0778078   207780784   密集书库/ [索取号:D0/135(2006)] 在馆    
31 0778935   207789357   密集书库/ [索取号:D0/135(2006)] 在馆    
32 0787618   207876182   密集书库/ [索取号:D0/135(2006)] 在馆    
33 0787662   207876627   密集书库/ [索取号:D0/135(2006)] 在馆    
34 0787666   207876663   密集书库/ [索取号:D0/135(2006)] 在馆    
35 0787729   207877298   密集书库/ [索取号:D0/135(2006)] 在馆    
36 0787897   207878974   密集书库/ [索取号:D0/135(2006)] 在馆    
37 0788000   207880006   密集书库/ [索取号:D0/135(2006)] 在馆    
唐山师范学院图书馆 欢迎您!
大连网信软件有限公司© 版权所有